স্মৃতিশক্তি বাড়াতে হলে (Record no. 282932)
[ view plain ]
| 000 -LEADER | |
|---|---|
| fixed length control field | 01326nam a2200385 a 4500 |
| 001 - CONTROL NUMBER | |
| control field | vtls000322083 |
| 003 - CONTROL NUMBER IDENTIFIER | |
| control field | NLI |
| 005 - DATE AND TIME OF LATEST TRANSACTION | |
| control field | 20210602144852.0 |
| 008 - FIXED-LENGTH DATA ELEMENTS--GENERAL INFORMATION | |
| fixed length control field | 101227s2004 ii a g 000 0 ben d |
| 020 ## - INTERNATIONAL STANDARD BOOK NUMBER | |
| International Standard Book Number | 8177563815 |
| Terms of availability | Rs.75.00 |
| 039 #9 - LEVEL OF BIBLIOGRAPHIC CONTROL AND CODING DETAIL [OBSOLETE] | |
| -- | 201012272236 |
| -- | bengal1 |
| 040 ## - CATALOGING SOURCE | |
| Original cataloging agency | NLI |
| Language of cataloging | ben |
| Transcribing agency | Bengali Division |
| 041 0# - LANGUAGE CODE | |
| Language code of text/sound track or separate title | ben |
| 044 ## - COUNTRY OF PUBLISHING/PRODUCING ENTITY CODE | |
| MARC country code | ii |
| 082 04 - DEWEY DECIMAL CLASSIFICATION NUMBER | |
| Classification number | 616.83 |
| Edition number | 22 |
| 100 1# - MAIN ENTRY--PERSONAL NAME | |
| Linkage | 880-01 |
| Personal name | চক্রবর্তি, শ্যামল, ডাঃ |
| 9 (RLIN) | 495217 |
| 245 10 - TITLE STATEMENT | |
| Linkage | 880-02 |
| Title | স্মৃতিশক্তি বাড়াতে হলে |
| Statement of responsibility, etc. | শ্যামল চক্রবর্তি |
| 260 ## - PUBLICATION, DISTRIBUTION, ETC. | |
| Place of publication, distribution, etc. | কলকাতা |
| Name of publisher, distributor, etc. | আনন্দ |
| Date of publication, distribution, etc. | 2004 |
| 300 ## - PHYSICAL DESCRIPTION | |
| Extent | 181p. |
| Other physical details | ill |
| Dimensions | 21cm. |
| 650 #0 - SUBJECT ADDED ENTRY--TOPICAL TERM | |
| Topical term or geographic name entry element | Memory |
| 9 (RLIN) | 1442 |
| 700 1# - ADDED ENTRY--PERSONAL NAME | |
| Linkage | 880-03 |
| 700 1# - ADDED ENTRY--PERSONAL NAME | |
| Linkage | 880-04 |
| 710 1# - ADDED ENTRY--CORPORATE NAME | |
| Linkage | 880-05 |
| 880 1# - ALTERNATE GRAPHIC REPRESENTATION | |
| Linkage | 100-01/(B |
| a | Cakravarty, Syamal, Dr. |
| 880 10 - ALTERNATE GRAPHIC REPRESENTATION | |
| Linkage | 245-02/(B |
| a | Smrtisakti barate hale |
| c | Syamal Cakravarty |
| 880 1# - ALTERNATE GRAPHIC REPRESENTATION | |
| Linkage | 700-03/(B |
| 880 1# - ALTERNATE GRAPHIC REPRESENTATION | |
| Linkage | 700-04/(B |
| 887 ## - NON-MARC INFORMATION FIELD | |
| Content of non-MARC field | tithi |
| 901 ## - LOCAL DATA ELEMENT A, LDA (RLIN) | |
| a | 71913 |
| b | 27.5.09 |
| 902 ## - LOCAL DATA ELEMENT B, LDB (RLIN) | |
| a | B616.83 C2331s |
| 904 ## - LOCAL DATA ELEMENT D, LDD (RLIN) | |
| a | tithi |
| 949 ## - LOCAL PROCESSING INFORMATION (OCLC) | |
| -- | VIRTUAITEM |
| -- | 10008 |
| -- | 100 |
| 6 | DBA000071913BEN |
| a | B616.83 C2331s |
| e | 71913 |
| 942 ## - ADDED ENTRY ELEMENTS (KOHA) | |
| Source of classification or shelving scheme | Dewey Decimal Classification |
| Koha item type | Books |
| Withdrawn status | Lost status | Damaged status | Not for loan | Collection code | Home library | Current library | Shelving location | Date acquired | Total Checkouts | Full call number | Barcode | Date last seen | Price effective from | Koha item type |
|---|---|---|---|---|---|---|---|---|---|---|---|---|---|---|
| Bengali | National Library of India | National Library of India | Bengali - Books - Main Stack Division | B616.83 C2331s | DBA000071913BEN | 02/06/2021 | 02/06/2021 | Books |
